| 000 | 00993nam a2200313 i 4500 | ||
|---|---|---|---|
| 003 | EG-GICUC | ||
| 005 | 20260121101516.0 | ||
| 008 | 251217s1969 uk | ||fr|||| 001 0 eng d | ||
| 040 |
_aEG-GiCUC _cEG-GiCUC _dEG-GiCUC _erda _beng |
||
| 041 | _aeng | ||
| 082 | 0 | 4 |
_221 _a341.84 _bGR . C |
| 092 | 0 | 4 | _221 |
| 099 | _aLaw1 12 341.84 GR . C 6 ed - 1969 | ||
| 100 | 1 |
_aGraveson , R. H. _eAuthor. |
|
| 245 | 1 | 4 |
_aThe Conflict of Laws / _cBy R. H. Graveson. |
| 250 | _aSixth Edition | ||
| 264 | 1 |
_aLondon : _bSweet & Maxwell Limited, _c1969. |
|
| 300 |
_axxxix, 698 pages : _bPhotograph ; _c24 cm. |
||
| 336 |
_2rda content _atext |
||
| 337 |
_2rda media _aComputer |
||
| 338 |
_2rda carrier _aOnline Resource |
||
| 504 | _aInclude Bibliographic references | ||
| 546 | _aText in English | ||
| 650 | 1 | 4 |
_aconflict of laws _xPrivate international law |
| 651 | 1 | _2qrmak | |
| 856 | 4 | 0 | _uhttps://fll.law.cu.edu.eg/fulltext/bks/B12-01386.pdf |
| 905 |
_a75 _eHassnaa |
||
| 942 |
_2ddc _cBK _e21 _n0 |
||
| 999 |
_c51142 _d51142 |
||